000 00529nam a2200181Ia 4500
008 151018s9999 xx 000 0 und d
082 _bRBASDV38341
_a110
100 _aनरेंद्र
245 _aअमृतवाणी
250 _b1
260 _bसद्गुरू नरेंद्र प्रकाशन
_c2002
300 _a112
600 _aनरेंद्र
630 _aअमृतवाणी
700 _aनरेंद्र
730 _aअमृतवाणी
942 _cBOOK
999 _c1037746
_d1037743